Návrh a konštrukcia inovatívnej lisovacej súpravy za účelom zvýšenia efektivity výroby veka zapaľovača pomocou CAD, CAE

Gespeichert in:
Bibliographische Detailangaben
1. Verfasser: Pástor, Dominik (Verfasst von)
Weitere Verfasser: Bílik, Jozef (Betreuung Doktorarbeit)
Format: Manuskript Buch
Sprache:Slowakisch
Veröffentlicht: 2025
Schlagworte:
Online-Zugang:http://is.stuba.sk/zp/portal_zp.pl?podrobnosti=184000
Tags: Tag hinzufügen
Keine Tags, Fügen Sie das erste Tag hinzu!

MARC

LEADER 00000ntm a22000003a 4500
001 stuzp103617
003 SK-STU
005 20250614212109.5
007 ta
008 150427s2015----xo-----f-mn---000-0-slo-d
040 |a STU  |b slo 
041 0 |a slo 
100 1 |a Pástor, Dominik  |u 063000  |4 aut  |U MTF Materiálovotechnologická fakulta  |T MTF Ústav výrobných technológií  |X 112617  |U M3000  |Y 83  |7 112617 
242 0 1 |a Design and construction of an innovative pressing set in order to increase the production efficiency of the lighter lid using CAD, CAE  |y eng 
245 1 0 |a Návrh a konštrukcia inovatívnej lisovacej súpravy za účelom zvýšenia efektivity výroby veka zapaľovača pomocou CAD, CAE 
260 |c 2025 
650 4 |a CAD system  |2 eng 
650 4 |a production efficiency  |2 eng 
650 4 |a drawing  |2 eng 
650 4 |a design  |2 eng 
650 4 |a efektivita výroby  |2 slo 
650 4 |a ťahanie  |2 slo 
650 4 |a návrh  |2 slo 
650 4 |a CAD systém  |2 slo 
700 1 |a Bílik, Jozef  |u 063400  |k Z1  |4 ths  |U MTF Ústav výrobných technológií  |T MTF Katedra tvárnenia kovov a plastov  |X 1547  |U M3400  |Y 163  |7 A000001547 
856 4 |u http://is.stuba.sk/zp/portal_zp.pl?podrobnosti=184000 
996 |c M* DP-15623  |l MMSKP  |s P  |a 0  |w stuzp103617_0001